000 00233nam a2200109Ia 4500
008 190216s9999||||xx |||||||||||||| ||und||
100 _aWalter W Bigg
245 0 _aCost Accounts
260 _bNull
_c1961
300 _a608p
942 _cBK
999 _c4774
_d4774